Radikálna sloboda a jej dôsledky v koncepcii Jean-Paul Sartra

Bibliographic Details
Main Author: Kováčová, Daniela, 1984- (Author)
Format: Article
Language:Slovak
ISBN:9788055703411
Subjects:

MARC

LEADER 00000nab a2200000 a 4500
001 vtls010547196
003 SK-MaSNL
005 20260304002506.0
008 130930 2012 xo 000 b slo
015 |a SNBRA 2012/09  |2 svkbbbg 
038 |a SVKBBBG 
040 |a SVKBBBG  |b slo  |c SVKBBBG  |e AACR2 
041 1 |a slo  |b eng 
044 |a xo  |c SK 
072 7 |a 14  |x Filozofické systémy a hľadiská  |2 konspekt 
072 7 |a 122/129  |x Špeciálna metafyzika  |2 konspekt 
072 7 |a 11  |x Metafyzika  |2 konspekt 
072 7 |a 165  |x Teória poznania. Epistemológia  |2 konspekt 
080 |a 141.32  |2 2001 
080 |a 123.1  |2 2001 
080 |a 111.1/.3  |2 2001 
080 |a 165.12  |2 2001 
100 1 |a Kováčová, Daniela,  |d 1984-,  |4 aut  |9 187750 
245 1 0 |a Radikálna sloboda a jej dôsledky v koncepcii Jean-Paul Sartra  |c Daniela Kováčová 
500 |a Súčasť publikácie, ktorá je jedným z výstupov vedeckého grantu UGA č. I-11-003-14 s názvom Aktuálne filozoficko-etické otázky súčasného človeka 
504 |a Poznámky 
504 |a Bibliogr. odkazy 
546 |a Res. angl. 
600 1 7 |a Sartre, Jean-Paul,  |d 1905-1980  |2 SNKMA  |9 108034 
600 1 7 |a Beauvoir, Simone de,  |d 1908-1986  |2 SNKMA  |9 117325 
650 0 7 |a existencializmus  |2 SNKPH  |9 4358 
650 0 7 |a sloboda  |2 SNKPH  |9 2170 
650 0 7 |a bytie  |2 SNKPH  |9 18137 
650 0 7 |a vedomie  |2 SNKPH  |9 4384 
650 0 7 |a intencionalita (filozofia)  |2 SNKPH  |9 84841 
773 0 |t Aktuálne filozoficko-etické otázky súčasného človeka  |d Banská Bystrica : Univerzita Mateja Bela v Banskej Bystrici, Fakulta humanitných vied, 2012  |g S.78-102  |z 9788055703411 
852 |a SVKBB  |b KIS3GCP 
958 |a NB 
999 |c 2542151  |d 2544081